000 00987nam a2200229 u 4500
001 000346819
003 AM-YeHGA
005 20250618072154.0
008 040625s1975 ai r 000 0 arm d
040 _aAM-YeHGA
041 0 _aarm
080 _a616B6
090 _aԱ-45
100 1 _aԱղաջանյան, Իվան Գերասիմի,
_d1939-
_95973
245 1 0 _aՄիզաքարային հիվանդությունը և նրա պրոֆիլակտիկան /
_cԻ.Գ. Աղաջանյան, Հ.Ե. Սարգսյան; ՀՍՍՀ Առողջապահ. մինիստր. հանրապետ. սանլուստուն.
260 _aԵրևան :
_bՀայաստան,
_c1975.
300 _a16 էջ ;
_c20 սմ.
650 1 4 _aԲժշկություն
_xՄիզաքարային հիվանդություն
700 1 _aՍարգսյան, Համլետ Երեմի
710 2 _aՀՍՍՀ Առողջապահության մինիստրության հանրապետական սանլուստուն
090 _c133567
999 _c132201
_d132201